| 000 | 00988nam0a2200301 4500 | ||
|---|---|---|---|
| 001 | RU\NLR\bibl\823261 | ||
| 005 | 20250614135745.0 | ||
| 010 | _a5-85423-019-4 | ||
| 021 |
_aRU _b2011-97677 _96997 |
||
| 035 | _a(NLR Aleph) 000812169 | ||
| 090 |
_a1248180 _c1248180 |
||
| 100 | _a20050722d1996 |||y0rusy50 ca | ||
| 101 | 0 | _arus | |
| 102 | _aRU | ||
| 105 | _ay ||||||||| | ||
| 200 | 1 |
_aПророчества сбываются _e(Верфель и Армения) _fМеджи Пирумова |
|
| 210 |
_aМосква _cНиппур _d1996 |
||
| 215 |
_a184 с. _d20 |
||
| 320 | _aБиблиогр. в тексте | ||
| 600 | 1 |
_aВерфель _bФ. _f1890 - 1945 _gФранц _yи Армения _92389471 _3RU\NLR\auth\661425098 |
|
| 686 | _aШ5(4А)6-4Верфель 418.3 | ||
| 700 | 1 |
_aПирумова _bМ. _gМеджи _4070 |
|
| 801 | 0 |
_aRU _bNLR _c20050722 _grcr |
|
| 801 | 1 |
_aRU _bNLR _c20050722 |
|
| 830 | _aАвт. по кн. | ||
| 942 | _cBOOK | ||
| 980 | _aNB | ||